Lĕšonénu: A Journal for the Study of the Hebrew Language and Cognate Subjects / לשוננו: כתב-עת לחקר הלשון העברית והתחומים הסמוכים לה

محفوظ في:

التنسيق: دورية

اللغة: Undetermined

منشور في: JSTOR
Academy of the Hebrew Language

الموضوعات:

الوصول للمادة أونلاين: Login to view Source

الوسوم: إضافة وسم

لا توجد وسوم, كن أول من يضع وسما على هذه التسجيلة!

رقم الطلب:

LEADER 00879nas a2200205Ia 4500
008 220214c99999999xx |||||||||||| ||und||
022 |a 0334-3626 
245 0 0 |a Lĕšonénu: A Journal for the Study of the Hebrew Language and Cognate Subjects / לשוננו: כתב-עת לחקר הלשון העברית והתחומים הסמוכים לה 
264 1 |b JSTOR 
264 1 |b Academy of the Hebrew Language 
362 0 |a Vol. א(1928)-79 (2017) 
653 1 0 |a Humanities 
653 1 0 |a Jewish Studies 
653 1 0 |a Language & Literature 
653 1 0 |a Linguistics 
653 1 0 |a Social Sciences 
856 4 0 |u https://www.jstor.org/journal/lesonenu 
942 |c JL 
952 |0 0  |1 0  |4 0  |7 1  |9 36067  |a JSR  |b JSR  |d 2022-02-14  |l 0  |r 2022-02-14 00:00:00  |w 2022-02-14  |y JL 
999 |c 44400  |d 44400